... Report on the geology of the region to the north and north-west of Tarcoola (with map) (Record no. 26907)

MARC details
000 -LEADER
fixed length control field 00946cam a22002411 4500
001 - CONTROL NUMBER
control field gs 31000245
003 - CONTROL NUMBER IDENTIFIER
control field DLC
005 - DATE AND TIME OF LATEST TRANSACTION
control field 20260227111336.0
008 - FIXED-LENGTH DATA ELEMENTS--GENERAL INFORMATION
fixed length control field 861027s1931 at ab f000 0 eng c
010 ## - LIBRARY OF CONGRESS CONTROL NUMBER
LC control number gs 31000245
035 ## - SYSTEM CONTROL NUMBER
System control number (OCoLC)14522679
040 ## - CATALOGING SOURCE
Original cataloging agency Library, U.S. Geological Survey
Transcribing agency TxDaM
Modifying agency DLC
042 ## - AUTHENTICATION CODE
Authentication code premarc
050 00 - LIBRARY OF CONGRESS CALL NUMBER
Classification number QE345
Item number .A4 no. 15
100 1# - MAIN ENTRY--PERSONAL NAME
Personal name Jack, Robert Lockhart,
Dates associated with a name 1878-
245 10 - TITLE STATEMENT
Title ... Report on the geology of the region to the north and north-west of Tarcoola (with map)
Statement of responsibility, etc. By R. Lockhart Jack ...
260 ## - PUBLICATION, DISTRIBUTION, ETC.
Place of publication, distribution, etc. Adelaide,
Name of publisher, distributor, etc. Printed by H. Weir, government printer,
Date of publication, distribution, etc. 1931.
300 ## - PHYSICAL DESCRIPTION
Extent 31 p.
Other physical details incl. tables. fold. col. map.
Dimensions 1931.
490 0# - SERIES STATEMENT
Series statement South Australia. Geological Survey. Bulletin
Volume/sequential designation no. 15
500 ## - GENERAL NOTE
General note At head of title: South Australia. Department of Mines.
650 #0 - SUBJECT ADDED ENTRY--TOPICAL TERM
Topical term or geographic name entry element Geology
Geographic subdivision South Australia.
740 0# - ADDED ENTRY--UNCONTROLLED RELATED/ANALYTICAL TITLE
Uncontrolled related/analytical title Tarcoola, Report on the geology of the region to the north and north-west of.

No items available.

Powered by Koha